000 00430nam a2200145 a 4500
001 000043821
005 20201002045002.0
008 140506s1999 dr a 000 0 spa d
040 _aDO-SdBNP
_bspa
_cBNPHU
100 1 _aCruz Mejía, Rosemary
_971668
245 1 0 _aMatices de esperanza para el alma. /
_cRosemary Cruz Mejía.
250 _a2a. ed.
260 _aSanto Domingo, :
_bAzteca,
_c1999.
300 _a150 p. :
_bil. ;
_c22 cm.
999 _c43310
_d43310